[Event "SVK-chT2C 2122"]
[Site "Slovakia"]
[Date "2022.03.27"]
[Round "9.7"]
[White "Kucerik, Peter"]
[Black "Sustek, Vladimir"]
[Result "0-1"]
[WhiteElo "1000"]
[BlackElo "1887"]
[PlyCount "80"]
[EventDate "2021.10.16"]
[EventType "team-tourn"]
[EventRounds "11"]
[EventCountry "SVK"]
[SourceTitle "EXT 2023"]
[Source "ChessBase"]
[SourceDate "2022.10.05"]
[SourceVersion "1"]
[SourceVersionDate "2022.10.05"]
[SourceQuality "1"]
[WhiteTeam "Bziny"]
[BlackTeam "Zilina Mladost III"]
[WhiteTeamCountry "SVK"]
[BlackTeamCountry "SVK"]

1. d4 c5 2. Nf3 cxd4 3. Bf4 Nc6 4. Nxd4 d6 5. Nxc6 bxc6 6. Nc3 Nf6 7. e3 e5 8. Bg5 Be7 9. Bd3 d5 10. e4 0-0 11. 0-0 Be6 12. h3 d4 13. Ne2 c5 14. Ng3 h6 15. Bxf6 Bxf6 16. b3 Bg5 17. Nh5 Qc7 18. Bc4 Bxc4 19. bxc4 g6 20. Ng3 Kh7 21. Qg4 Qe7 22. Rab1 h5 23. Qf3 Qe6 24. Qd3 Rab8 25. c3 Rbd8 26. Rfd1 Qa6 27. Ra1 Qa4 28. cxd4 Rxd4 29. Qb3 Qxc4 30. Qxc4 Rxc4 31. Rd5 Re8 32. f3 Rc2 33. Kf1 Re7 34. Ne2 Be3 35. Rd3 Bd4 36. Nxd4 exd4 37. a4 Rb7 38. g3 Rbb2 39. Ke1 Rh2 40. h4 Rh1# 0-1